<?xml version="1.0" encoding="UTF-8"?>
<record
    xmlns:xsi="http://www.w3.org/2001/XMLSchema-instance"
    xsi:schemaLocation="http://www.loc.gov/MARC21/slim http://www.loc.gov/standards/marcxml/schema/MARC21slim.xsd"
    xmlns="http://www.loc.gov/MARC21/slim">

  <leader>02078nas a2200277Ia 4500</leader>
  <controlfield tag="001">R261-R4418</controlfield>
  <controlfield tag="003">IT-CnALBA</controlfield>
  <controlfield tag="008">170116c99999999xx ||||||||||||   ||und||</controlfield>
  <datafield tag="040" ind1=" " ind2=" ">
    <subfield code="a">IT-CnALBA</subfield>
    <subfield code="c">IT-CnALBA</subfield>
  </datafield>
  <datafield tag="041" ind1=" " ind2=" ">
    <subfield code="a">ITALIANO</subfield>
  </datafield>
  <datafield tag="100" ind1=" " ind2=" ">
    <subfield code="a">ACTESIO PADRE</subfield>
  </datafield>
  <datafield tag="210" ind1=" " ind2=" ">
    <subfield code="a">LA RISCOSSA</subfield>
  </datafield>
  <datafield tag="222" ind1=" " ind2=" ">
    <subfield code="a">LA RISCOSSA</subfield>
  </datafield>
  <datafield tag="245" ind1=" " ind2="0">
    <subfield code="a">LA RISCOSSA. 1902-1903-1904. RIVISTA SETTIMANALE. </subfield>
  </datafield>
  <datafield tag="250" ind1=" " ind2=" ">
    <subfield code="a">1a ed.</subfield>
  </datafield>
  <datafield tag="260" ind1=" " ind2=" ">
    <subfield code="a"> BREGANZE</subfield>
    <subfield code="b">RISCOSSA LA TIPOGRAFIA </subfield>
    <subfield code="c">1904</subfield>
  </datafield>
  <datafield tag="300" ind1=" " ind2=" ">
    <subfield code="a">8 p. </subfield>
  </datafield>
  <datafield tag="310" ind1=" " ind2=" ">
    <subfield code="a">SETTIMANALE</subfield>
  </datafield>
  <datafield tag="362" ind1=" " ind2=" ">
    <subfield code="a">Fascicolo: 1-52 / Anno: 15 (1904)</subfield>
  </datafield>
  <datafield tag="500" ind1=" " ind2=" ">
    <subfield code="a">LA BUONA STRADA. QUESTIONE ROMANA. EGEMONIA PAPALE. ATTIVIT&#xC0; INVERNALE. CONTRO IL DIVORZIO. PERCH&#xC8; LA FIDUCIA NELLA QUESTIONE MERIDIONALE.. AZIONE CATTOLICA IN ITALIA. LA SETTIMANA A CASA NOSTRA E FUORI. SOCIALISMO E SOCIALISTI. NUOVO RITRATTO DEL SANTO PADRE. CHIESA E STATO. GOVERNO PREPOTENTE. IL SOCIALISMO, PICCOLO QUARESIMALE. EPISCOPATO TOSCANO. LE POLEMICHE IN CONTRADDITTORIO STAMPA CATTOLICA. VATICANO. SCREZI IN PARLAMENTO. L'ETERNO MONUMENTO. GOVERNO AUTENTICO. VARIE. FRANCIA. RUSSIA. INGHILTERRA. LA NUOVA FASE DELLA QUESTIONE ROMANA. TELEGRAMMA ALLA REGINA ELENA. MASCAGNI E D'ANNUNZIO. SCOTTON GOTTARDO. BIBLIOTECA CANONICO CHIESA. </subfield>
  </datafield>
  <datafield tag="501" ind1=" " ind2=" ">
    <subfield code="a">Societ&#xE0; San Paolo EM - Piazza San Paolo, 14 - 12051 ALBA (CN)  (non commercial uses only) &#xAE; Copyright 2017</subfield>
  </datafield>
  <datafield tag="520" ind1=" " ind2=" ">
    <subfield code="a">LA BUONA STRADA. QUESTIONE ROMANA. EGEMONIA PAPALE. ATTIVIT&#xC0; INVERNALE. CONTRO IL DIVORZIO. PERCH&#xC8; LA FIDUCIA NELLA QUESTIONE MERIDIONALE.. AZIONE CATTOLICA IN ITALIA. LA SETTIMANA A CASA NOSTRA E FUORI. SOCIALISMO E SOCIALISTI. NUOVO RITRATTO DEL SANTO PADRE. CHIESA E STATO. GOVERNO PREPOTENTE. IL SOCIALISMO, PICCOLO QUARESIMALE. EPISCOPATO TOSCANO. LE POLEMICHE IN CONTRADDITTORIO STAMPA CATTOLICA. VATICANO. SCREZI IN PARLAMENTO. L'ETERNO MONUMENTO. GOVERNO AUTENTICO. VARIE. FRANCIA. RUSSIA. INGHILTERRA. LA NUOVA FASE DELLA QUESTIONE ROMANA. TELEGRAMMA ALLA REGINA ELENA. MASCAGNI E D'ANNUNZIO. SCOTTON GOTTARDO. BIBLIOTECA CANONICO CHIESA. </subfield>
  </datafield>
  <datafield tag="650" ind1=" " ind2=" ">
    <subfield code="a">TEOLOGIA SOCIALE</subfield>
  </datafield>
  <datafield tag="942" ind1=" " ind2=" ">
    <subfield code="c">CR</subfield>
  </datafield>
  <datafield tag="957" ind1=" " ind2=" ">
    <subfield code="7">1</subfield>
  </datafield>
  <datafield tag="999" ind1=" " ind2=" ">
    <subfield code="a">14472</subfield>
    <subfield code="b">SI </subfield>
    <subfield code="g">1</subfield>
    <subfield code="c">322430</subfield>
    <subfield code="d">322430</subfield>
  </datafield>
  <datafield tag="952" ind1=" " ind2=" ">
    <subfield code="0">0</subfield>
    <subfield code="1">0</subfield>
    <subfield code="4">0</subfield>
    <subfield code="6">R_261R4418</subfield>
    <subfield code="7">1</subfield>
    <subfield code="a">ALBA</subfield>
    <subfield code="b">ALBA</subfield>
    <subfield code="d">2017-01-16</subfield>
    <subfield code="l">0</subfield>
    <subfield code="o">R261-R4418</subfield>
    <subfield code="r">2017-01-16 00:00:00</subfield>
    <subfield code="w">2017-01-16</subfield>
    <subfield code="y">CR</subfield>
    <subfield code="z">(data import: 16 gennaio 2017) - By Epidotti, Vaglietti. </subfield>
  </datafield>
</record>
